Vincent Van Gogh.

Reseña biográfica del pintor. La relación con su hermano Theo.

Guardado en:
Formato: Deslizar
Series:Educable
Materias:
Etiquetas: Agregar Etiqueta
Sin Etiquetas, Sea el primero en etiquetar este registro!
LEADER 00718ngm a22002295g 4500
001 CEM.cems022216
008 130507b1996##################0###0#####d
005 20241009201900.0
245 0 0 |a Vincent Van Gogh. 
300 |a 27'. 
490 0 |a Educable 
500 |a En soporte VHS, consultar en ventanilla. 
538 |a Soporte: VHS - Norma: Pal N - Color - Grabación DRD 1996 - Hitachi=3302 
520 |a Reseña biográfica del pintor. La relación con su hermano Theo. 
082 9 2 |/ BIO-3 
653 |a ARTE 
653 |a PINTURA 
653 |a VAN GOGH 
653 |a BIOGRAFIAS 
653 |a NIVEL PRIMARIO 
653 |a NIVEL SECUNDARIO 
859 |a CEMS  |b BIB. CEMS - Depto. Recursos Didacticos  |h 920  |i BIO-3  |k DRD  |p 859.12  |t Ej.1